| 000 | 01075nac a22002891u 4500 | ||
|---|---|---|---|
| 999 |
_c9643 _d9643 |
||
| 003 | EG-ScBUE | ||
| 005 | 20210308121355.0 | ||
| 008 | 200219s2005 ii f 000 0 eng d | ||
| 020 | _a8175812338 | ||
| 040 |
_aEG-ScBUE _beng _erda _cEG-ScBUE _dEG-ScBUE |
||
| 082 | 0 | 4 |
_a822.3 _bJON _222 |
| 100 | 1 |
_aJonson, Ben, _d1573-1637, _eauthor. |
|
| 245 | 1 | 0 |
_aVolpone : _bedited wth a Critical Introduction, complete paraphrase of the text notes and annotations, questions with answers / _cBen Jonson, Subhash Bisaria, M.A., Department of English, C.M.S. College (chowk), Lucknow. |
| 250 | _aThird edition. | ||
| 264 | 1 |
_aNew Delhi : _bRama Brothers India Pvt. Ltd., _c2005. |
|
| 300 |
_a350 pages ; _c24 cm |
||
| 336 |
_2rdacontent _atext _btxt |
||
| 337 |
_2rdamedia _aunmediated _bn |
||
| 338 |
_2rdacarrier _avolume _bnc |
||
| 500 | _aDistributer: Al-Ahram | ||
| 650 | 7 |
_aInheritance and succession _vDrama. _2BUEsh |
|
| 651 | _2BUEsh | ||
| 653 | _bHHUUEENN | ||
| 655 |
_vReading book _934232 |
||
| 700 | 1 |
_aBisaria, Subhash, _eauthor. |
|
| 942 |
_cBB _k823JON _2ddc |
||